Ruben Darío y Venezuela / (Record no. 17735)
[ view plain ]
| 000 -CABECERA | |
|---|---|
| campo de control de longitud fija | 00672cam a2200205 a 4500 |
| 001 - NÚMERO DE CONTROL | |
| campo de control | 000018214 |
| 005 - FECHA Y HORA DE LA ÚLTIMA TRANSACCIÓN | |
| campo de control | 20200929165414.0 |
| 008 - DATOS DE LONGITUD FIJA--INFORMACIÓN GENERAL | |
| campo de control de longitud fija | 840418s1967 ve ac 000 sbspa |
| 040 ## - FUENTE DE LA CATALOGACIÓN | |
| Centro catalogador/agencia de origen | DO-SdBNP |
| Lengua de catalogación | spa |
| Centro/agencia transcriptor | BNPHU |
| 082 ## - NÚMERO DE LA CLASIFICACIÓN DECIMAL DEWEY | |
| Número de clasificación | N865.44 |
| Número de documento/Ítem | D218B |
| 100 1# - ENTRADA PRINCIPAL--NOMBRE DE PERSONA | |
| Nombre de persona | Beltrán Guerrero, Luis, |
| Fechas asociadas al nombre | 1914-1997. |
| 9 (RLIN) | 39436 |
| 245 10 - MENCIÓN DE TÍTULO | |
| Título | Ruben Darío y Venezuela / |
| Mención de responsabilidad, etc. | Luis Beltrán Guerrero. |
| 260 ## - PUBLICACIÓN, DISTRIBUCIÓN, ETC. | |
| Lugar de publicación, distribución, etc. | [Caracas] : |
| Nombre del editor, distribuidor, etc. | Instituto Nacional de Cultura y Bellas Artes, |
| Fecha de publicación, distribución, etc. | [1967]. |
| 300 ## - DESCRIPCIÓN FÍSICA | |
| Extensión | 32 p. : |
| Otras características físicas | il. ; |
| Dimensiones | 21 cm. |
| 490 1# - MENCIÓN DE SERIE | |
| Mención de serie | Homenajes |
| Designación de volumen o secuencia | 2 |
| 600 10 - PUNTO DE ACCESO ADICIONAL DE MATERIA--NOMBRE DE PERSONA | |
| Nombre de persona | DARÍO, RUBEN, |
| Fechas asociadas al nombre | 1867-1916. |
| 9 (RLIN) | 15535 |
| 650 #4 - PUNTO DE ACCESO ADICIONAL DE MATERIA--TÉRMINO DE MATERIA | |
| Término de materia o nombre geográfico como elemento de entrada | Discursos |
| 9 (RLIN) | 6584 |
| 650 #4 - PUNTO DE ACCESO ADICIONAL DE MATERIA--TÉRMINO DE MATERIA | |
| Término de materia o nombre geográfico como elemento de entrada | Literatura venezolana |
| 9 (RLIN) | 3816 |
| 830 #0 - PUNTO DE ACCESO ADICIONAL DE SERIE-TÍTULO UNIFORME | |
| Título uniforme | Homenajes ; |
| Designación de volumen o secuencia | 2. |
| 9 (RLIN) | 39437 |
| Estado de retiro | Estado de pérdida | Restricciones de uso | No para préstamo | Código de colección | Localización permanente | Ubicación/localización actual | Ubicación en estantería | Fecha de adquisición | Número de inventario | Total de préstamos | Signatura topográfica completa | Código de barras | Fecha visto por última vez | Precio válido a partir de | Tipo de ítem Koha |
|---|---|---|---|---|---|---|---|---|---|---|---|---|---|---|---|
| Monografías: Libros y Folletos | General | General | En catalogación | 21.04.2010 | LF1 | N865.44 D218B | 18214-10 | 25.06.2020 | 25.06.2020 | Préstamo en sala |
